Music Quiz

Random Music or Lyrics Quiz

Mambo No. 5 Girls Quiz Stats

 Plays Quiz Updated Jun 10, 2015

Score 0/9 Timer 02:00
2 Plays Today
% Correct
Jessica
84.8%
Monica
79.6%
Rita
78%
Sandra
75.5%
Tina
66.7%
Mary
65.6%
Erica
60%
Angela
35.6%
Pamela
26.8%

You're not logged in!

Compare scores with friends on all Sporcle quizzes.
OR
Log In

Sporcle TV

Today on Sporcle TV


Watch our educational content, quiz creation guides, and fun videos on Sporcle TV.

Show Comments

Extras

Top Quizzes Today


Score Distribution

Your Account Isn't Verified!

In order to create a playlist on Sporcle, you need to verify the email address you used during registration. Go to your Sporcle Settings to finish the process.

Report this User

Report this user for behavior that violates our Community Guidelines.

Details: